000 00308nam a2200133Ia 4500
005 20251222143246.0
008 251222s9999||||xx |||||||||||||| ||spa||
020 _a2-85562-0325
082 _a731.463/P77
100 _aPons, Louis
245 0 _aJean Amado:
264 _bGalerie Jeanne Bucher
942 _cLIB
999 _c14783
_d14783